000 00459nam a2200133 4500
999 _c10476
_d10476
008 180830b ||||| |||| 00| 0 eng d
022 _a16565649
082 _aDPer 303.405 H22 June -Sept 2016 v.12 n. 7-10
245 _aGifted child:
_bdell inspiron 17 7000 (2016).
260 _aQuezon City:
_bHardware Zone Phils. Corp.,
_c©June -Sept 2016.
300 _av12 n8, page 41:
_billustrations;
_c28 cm.
650 0 _930752
_aPortable computers.
942 _2ddc
_cPER